| Registos Bibliográficos associados ao registo de autoridade |
|
Etiqueta de registo: 00254nam 2200025 450 001 2279976 003 http://id.bnportugal.gov.pt/bib/catbnp/2279976 010 ## $a978-989-9252-97-4 021 ## $aPT$b554046/25 100 ## $a20260313d2025 k y0pory01030103ba 101 0# $apor 102 ## $aPT 105 ## $ay z 000yy 106 ## $ar 200 1# $aIntrodução ao Direito$eexercícios e materiais$fMiguel Nogueira de Brito, Jorge Silva Sampaio, Sara Azevedo 210 #9 $aLisboa$cAssociação Académica da Faculdade de Direito de Lisboa,$d2025 215 ## $a141 p.$d23 cm 675 ## $a340.1(469)(075.8)$vBN$zpor$3437821 700 #1 $aBrito,$bMiguel Nogueira de,$f1965-$3557711 701 #1 $aSampaio,$bJorge Silva$4070$31490724 701 #1 $93$aAzevedo,$bSara$4070$31991179 801 #0 $aPT$bBN$gRPC 856 41 $uhttp://rnod.bnportugal.gov.pt/ImagesBN/winlibimg.aspx?skey=&doc=2279976&img=220673&save=true 900 ## $aBIBNAC$d20260402 966 ## $lBN$mFGMON$sS.C. 168808 V.$x1 966 ## $lBN$mFGMON$sS.C. 168808 V.-D$x1 971 ## $corlando$d20260313 972 ## $e0$z0$d20260402$vlrevez 973 ## $cmlsousa$d20260324 975 ## $e0$d20260407$viquintas
|
|
|